Engineering Mechanics (Record no. 4847)

MARC details
000 -LEADER
fixed length control field 00385nam a22001697a 4500
005 - DATE AND TIME OF LATEST TRANSACTION
control field 20160630103945.0
008 - FIXED-LENGTH DATA ELEMENTS--GENERAL INFORMATION
fixed length control field 160630b xxu||||| |||| 00| 0 eng d
020 ## - INTERNATIONAL STANDARD BOOK NUMBER
ISBN 81-88458-16-3
041 ## - LANGUAGE CODE
Language code of text/sound track or separate title eng
082 ## - DEWEY DECIMAL CLASSIFICATION NUMBER
Item number 12967
100 ## - MAIN ENTRY--AUTHOR NAME
Personal name Kumar, Dr. D.S
245 ## - TITLE STATEMENT
Title Engineering Mechanics
260 ## - PUBLICATION, DISTRIBUTION, ETC. (IMPRINT)
Name of publisher Katson
300 ## - PHYSICAL DESCRIPTION
Number of Pages 719
650 ## - SUBJECT ADDED ENTRY--TOPICAL TERM
Topical Term Diploma Engineering
942 ## - ADDED ENTRY ELEMENTS (KOHA)
Koha item type Books
Holdings
Lost status Damaged status Home library Current library Shelving location Date acquired Cost, normal purchase price Full call number Accession Number Koha item type Collection code
    JRU Library   SHELF-49-G 30/06/2016 325.00 12967 12967 Books  
    JRU Library   SHELF-49-G 30/06/2016 325.00 12967 12968 Books  
    JRU Library JRU Library SHELF-59-A 30/06/2016 325.00 12967 12969 Books MINING
    JRU Library JRU Library SHELF-59-A 30/06/2016 325.00 12967 12970 Books MINING
    JRU Library JRU Library SHELF-59-A 30/06/2016 325.00 12967 12971 Books MINING
    JRU Library   SHELF-49-F 30/06/2016 325.00 12967 12972 Books  
    JRU Library   SHELF-49-F 30/06/2016 325.00 12967 12973 Books  
    JRU Library   SHELF-49-F 30/06/2016 325.00 12967 12974 Books